000 00791nam a2200229Ia 4500
003 GCL
008 140319s9999 xx 000 0 ara d
040 _aGCL /
_cGCL
082 0 4 _a949.501
_bس ر
100 1 _aسيد احمد على الناصرى
245 1 0 _aالروم تاريخهم وحضارتهم وعلاقتهم بالمشرق العربى /
_cسيد احمد على الناصرى
260 _a[S.N] :
_bجامعة القاهرة - كلية الاداب ،
_c1993
300 _a565 ص
490 _a
650 0 4 _aالتاريخ الاسلامى
650 0 4 _aالعرب والروم
650 0 4 _aالامبراطورية الرومانية
650 0 4 _aالروم
650 0 4 _aالحكم الرومانى
650 0 4 _aالقسطنطينية
942 _2ddc
_cBK
999 _c31818
_d31818